Twelve original essays on great English novels.

Bibliographic Details
Main Author: Shapiro, Charles
Format: Book
Language:English
Published: Detroit : Wayne State University Press, 1960.
Subjects:

MARC

Tag First Indicator Second Indicator Subfields
LEADER 00000cam a2200000 4500
001 in00000029580
005 20151007062839.0
008 720525s1960 miu 00000 eng
010 |a  60006374  
035 |a (OCoLC)00318124 
035 |9 AAD5933AM 
040 |a DLC  |c CNC  |d TXA  |d UtOrBLW 
049 |a TXAM  |c [336866] 
050 0 |a PR823  |b .S5 
092 |a 820.9  |b S529t 
100 1 |a Shapiro, Charles. 
245 1 0 |a Twelve original essays on great English novels. 
264 1 |a Detroit :  |b Wayne State University Press,  |c 1960. 
300 |a 281 pages ;  |c 21 cm. 
336 |a text  |b txt  |2 rdacontent 
337 |a unmediated  |b n  |2 rdamedia 
338 |a volume  |b nc  |2 rdacarrier 
650 0 |a English fiction. 
999 |a MARS 
999 f f |s 6385711c-9548-33a4-98d8-85171086e35e  |i 5fed5187-c30b-3f31-95fc-f3e2b2ddc457  |t 0 
952 f f |p ric  |a Texas A&M University  |b Rellis Campus  |c Joint Library Facility  |d Remote Storage  |t 0  |e PR823 .S5  |h Library of Congress classification  |i unmediated -- volume  |m A14801273522 
998 f f |a PR823 .S5  |t 0  |l Remote Storage